Quiz Harry Potter anagrammes - Statistiques

Statistiques générales
  • Ce quiz a été pris 168 fois
  • Le résultat moyen est 9 sur 15
Statistiques - réponses
Hint Réponse % Correct
Professeur. lusifi kfitcilw Filius Flitwick
95%
Personnage Ordre du Phoenix. yaaordmhnp oknts Nymphadora Tonks
89%
Matière Poudlard. tmeahoesopmr Métamorphose
86%
Professeur. egliodyr ortahklc Gilderoy Lockhart
85%
Formule. xfipesut Stupéfix
80%
Créature magique avec nom. tureaktr Kreattur
78%
Matière Poudlard. cnaeimhtari Arithmancie
65%
Formule. rapmemesucts Sectumsempra
55%
Personnage Ordre du Phoenix. yingkles ksahbtlokcle Kingsley Shacklebolt
53%
Créature magique. tnureace Centaure
52%
Créature magique. cubort Botruc
44%
Créature magique avec nom. rpuga Graup
43%
Potion. mtasuveirer Véritaserum
30%
Hmmmmm. fholbeart mdbuoelred Abelforth Dumbledore
27%
Potion. maaatnitor Amortantia
18%
Aucun quiz correspondant
Distribution des résultats
% des personnes avec chaque résultat
Percentile par nombre de réponses
Votre historique - résultats
Vous n’avez pas pris ce quiz